000 00374nam a22001217a 4500
082 _a425
_bOSW/Q
100 _aOSWAAL BOOKS
245 _aCBSE CCE QUESTION BANK WITH COMPLETE SOLUTIONS - ENGLISH COMMUNICATIVE
_bCLASS IX (INTERACT IN ENGLISH SERIES)
260 _aAGRA
_bOSWAAL BOOKS
300 _a208
650 _aSUMMATIVE AND FORMATIVE ASSESSMENT CLASS IX
_zINDIA
942 _cBK
999 _c847
_d847